000 00504nam a2200181 i 4500
001 42880
003 ES-MaACL
005 20250712062545.0
007 t|
008 030314s1961 sp ||||1| spa d
080 _a821.134.2-31"19"
100 1 _aCela, Camilo José,
_d1916-2002
_937336
245 1 4 _aLos viejos amigos :
_bsegunda serie /
_cCamilo José Cela.
260 _aBarcelona :
_bNoguer,
_c[1961]
300 _a320 p., 5 lám. ;
_c20 cm.
852 4 _aES-MaACL
_jF-8710
999 _c42880
_d42880